000 00314nam a2200145 i 4500
001 bg
100 1 _aEICHER, Don L.
245 0 _aCzas geologiczny /
_cD.L. Eicher.
260 _aWarszawa,
_c1979.
040 _cBPK
041 _apol
080 _a55
942 _cKS
008 s pl f |000 0 pol
999 _c18963
_d18963
856 _uhttp://koha.tu.koszalin.pl/cgi-bin/koha/opac-detail.pl?biblionumber=18963
_yKatalog online BPK